| 000 | 00760cam a2200193 4500 | ||
|---|---|---|---|
| 001 | X113263 | ||
| 008 | 000000n2001 000 0 eng u | ||
| 035 | _a(Sirsi) u113263 | ||
| 245 | _aHow to... Manage a relocation project | ||
| 260 | _c2001 | ||
| 490 |
_aProperty Week _v66(23) 8 June 2001, 98-100(2) |
||
| 520 | _aOutlines the management issues that should be addressed when planning a relocation including the need for integration of staff with external advisers, the timing of staff involvement, communication, planning the planning, and the possible use of pilot studies. | ||
| 650 | _aMANAGEMENT | ||
| 650 | _aMANAGEMENT ISSUES | ||
| 650 | _aOFFICE RELOCATION | ||
| 650 | _aRELOCATION | ||
| 690 | _aMANAGEMENT-BUSINESS MANAGEMENT | ||
| 942 | _n0 | ||
| 999 |
_c67464 _d67464 |
||